[Event "SUI-ch U16"]
[Site "Kreuzlingen"]
[Date "2016.06.30"]
[Round "1"]
[White "Duong, Yisam"]
[Black "Lu, Hanqi"]
[Result "0-1"]
[WhiteElo "1992"]
[BlackElo "1864"]
[PlyCount "58"]
[EventDate "2016.06.30"]
[EventType "swiss"]
[EventRounds "7"]
[EventCountry "SUI"]
[SourceTitle "EXT 2017"]
[Source "ChessBase"]
[SourceDate "2016.10.25"]
[SourceVersion "1"]
[SourceVersionDate "2016.10.25"]
[SourceQuality "1"]

1. e4 e5 2. Nf3 Nc6 3. Bb5 Nf6 4. d3 Bc5 5. Nc3 d6 6. Nd5 h6 7. c3 0-0 8. 0-0 Nxd5 9. exd5 Ne7 10. Bc4 Nf5 11. Re1 a6 12. b4 Ba7 13. Bb2 Bd7 14. Bb3 Nh4 15. h3 Qf6 16. d4 Nxf3+ 17. Qxf3 Qxf3 18. gxf3 exd4 19. cxd4 Bxh3 20. Re7 Rfc8 21. Rc1 Bb6 22. Rce1 Kf8 23. Ba4 Be6 24. R7xe6 fxe6 25. dxe6 Ke7 26. Bb3 Rf8 27. Kg2 Rf4 28. Rd1 c6 29. a3 d5 0-1

[Event "SUI-ch U12"]
[Site "Geneve"]
[Date "2013.06.28"]
[Round "3"]
[White "Urwyler, Nikash"]
[Black "Lu, Hanqi"]
[Result "0-1"]
[WhiteElo "1498"]
[BlackElo "1606"]
[PlyCount "48"]
[EventDate "2013.06.27"]
[EventType "swiss"]
[EventRounds "7"]
[EventCountry "SUI"]
[SourceTitle "EXT 2014"]
[Source "ChessBase"]
[SourceDate "2013.11.20"]
[SourceVersion "1"]
[SourceVersionDate "2013.11.20"]
[SourceQuality "1"]

1. e4 e5 2. Nf3 Nc6 3. Bc4 Nf6 4. d4 exd4 5. e5 d5 6. Bb5 Nd7 7. e6 fxe6 8. Bxc6 bxc6 9. Nxd4 Qf6 10. 0-0 Bd6 11. Nxc6 0-0 12. Nc3 Bc5 13. Qe2 a5 14. Qe1 Bb7 15. Nxa5 Rxa5 16. a3 Raa8 17. b4 Bd4 18. Bb2 Ba6 19. b5 Bb7 20. Qd2 Ne5 21. Nxd5 Bxd5 22. Bxd4 Nf3+ 23. Kh1 Nxd2 24. Bxf6 Nxf1 0-1